Újraszentelték a templomot a felújítást neves alkotókból álló csoport végezte el Szabó Ottó festőművész elképzelései alapján

Bibliographic Details
Main Author: Szászi, Zoltán, 1964- (Author)
Format: Article
Language:Hungarian
PhysicalDescription:Fotogr.
ISSN:1335-7050
Subjects:

MARC

LEADER 00000nab a2200000 ar4500
001 vtls010182337
003 SK-MaSNL
005 20260319070733.0
008 101022c20100825xo |||||||| 000 b|hun
015 |a SNBRB2010/10  |2 snkbucl 
038 |a SNKBUCL 
040 |a DSZK  |b slo  |c DSZK  |e AACR2 
041 0 |a hun 
044 |a xo  |c SK 
080 |a 726.54:272  |x (437.6)  |2 2001 
080 |a 272  |x (437.6)  |2 2001 
080 |a 061.75  |2 2001 
100 1 |a Szászi, Zoltán,  |d 1964-  |4 aut  |9 102323 
245 1 0 |a Újraszentelték a templomot  |b a felújítást neves alkotókból álló csoport végezte el Szabó Ottó festőművész elképzelései alapján  |c Szászi Zoltán 
300 |b Fotogr. 
610 2 7 |a Rímsko-katolícky kostol (Moldava nad Bodvou, Slovensko)  |2 snkbucl  |9 1084915 
648 7 |a 2010  |2 snkbucl  |9 324355 
650 0 7 |a kostoly  |2 SNKPH  |9 3023 
650 0 7 |a posvätenie  |2 snkbucl  |9 449647 
650 0 7 |a renovácia  |2 snkbucl  |9 504734 
651 7 |a Moldava nad Bodvou (Slovensko)  |2 SNKPHgeo  |9 20255 
773 0 |t Új szó  |g Évf. 63, sz. 196 (25.8.2010), o. 5  |x 1335-7050 
852 |a SNK  |b KIS3GCP 
852 |a DSZK  |b KIS3GCP 
958 |a HU 
958 |a SK 
958 |a NT 
999 |c 1785113  |d 1787043